Disequilibrium dynamics with inventories and anticipatory price-setting
Guardado en:
| Autor principal: | |
|---|---|
| Otros Autores: | |
| Formato: | Desconocido |
| Aporte de: | Registro referencial: Solicitar el recurso aquí |
| LEADER | 00398 a2200121 4500 | ||
|---|---|---|---|
| 001 | ART_14821 | ||
| 005 | 20260410161914.0 | ||
| 008 | 260409a | ||
| 245 | 1 | 0 | |a Disequilibrium dynamics with inventories and anticipatory price-setting |
| 100 | 1 | |a Laffont, Jean-Jacques | |
| 700 | 1 | |a Green, Jerry R. | |
| 773 | 0 | |t European economic review |g - Vol. 16, Nº 1 (may. 1981) |w REV13346 | |
| 999 | |c 27054 |d 27054 | ||